| 000 | 00835nam2a22002291 4500 | ||
|---|---|---|---|
| 001 | v19\rc\2028336 | ||
| 005 | 20250620011053.0 | ||
| 035 | _a(NLR Aleph) 005108466 | ||
| 090 |
_a7467399 _c7467399 |
||
| 100 | _a20080925d1916 |||y0rusy50 ca | ||
| 101 | 0 | _arus | |
| 102 | _aRU | ||
| 105 | _ay z ||||| | ||
| 200 | 0 | _a... за 1915 год | |
| 210 |
_d1916 _aБ. м. |
||
| 215 | _a7 с. | ||
| 461 | 0 |
_1001v19\rc\2028335 _12001#$aОтчет...$fВзаим. страх. о-во "Русь"$v... за 1915 год _97467393 _a"Русь", взаимное страховое общество (Петербург) _cПетроград _d1916 _fВзаим. страх. о-во "Русь" _tОтчет... _v... за 1915 год |
|
| 801 | 0 |
_aRU _bNLR _gpsbo |
|
| 801 | 1 |
_aRU _bProSoft-M _2rusmarc |
|
| 852 |
_aNLR _j18.249.4.133 |
||
| 942 | _cBOOK | ||
| 980 | _aNB | ||